| 000 | 00512nam a2200217Ia 4500 | ||
|---|---|---|---|
| 008 | 170918s9999 xx 000 0 und d | ||
| 020 | _a9780439540148 | ||
| 050 | _bO817 2003 | ||
| 100 | _aOsborne, Mary Pope | ||
| 245 | _aHigh tide in Hawaii / | ||
| 245 | _cMary Pope Osborne. | ||
| 260 | _aNew York : | ||
| 260 | _bScholastic, | ||
| 260 | _c2003 | ||
| 300 | _a73 pages : | ||
| 300 | _bcolored illustration ; | ||
| 300 | _c19cm. | ||
| 440 | _aMagic tree house ; | ||
| 440 | _v28 | ||
| 500 | _a370 | ||
| 999 |
_c341267 _d341267 |
||